Novela zákona o sociálnom zabezpečení

NR SR schválila 7. apríla 1995 zákon, ktorým sa mení a dopĺňa zákon č.100/1988 Zb. o sociálnom zabezpečení v znení neskorších predpisov. Zásadné a vecné zmeny, ktoré prináša zákon.

Gespeichert in:
Bibliographische Detailangaben
1. Verfasser: Bolješiková, J.
Format: Buchkapitel
Sprache:Slowakisch
Schlagworte:
Tags: Tag hinzufügen
Keine Tags, Fügen Sie das erste Tag hinzu!

MARC

LEADER 00000naa a2200000 4500
001 r017455
005 20221213100238.3
041 0 |a slo 
044 |a SK 
245 1 0 |a Novela zákona o sociálnom zabezpečení  |c J. Bolješiková 
520 |a NR SR schválila 7. apríla 1995 zákon, ktorým sa mení a dopĺňa zákon č.100/1988 Zb. o sociálnom zabezpečení v znení neskorších predpisov. Zásadné a vecné zmeny, ktoré prináša zákon. 
610 2 0 |a zákony 
610 2 0 |a zabezpečenie sociálne 
610 2 0 |a Slovensko 
610 2 0 |a 1995 
100 1 |a Bolješiková, J.